书目信息 |
| 题名: |
李鸿章传
|
|
| 作者: | 乔光耀 编著 | |
| 分册: | ||
| 出版信息: | 呼和浩特 远方出版社 |
|
| 页数: | 296页 | |
| 开本: | 20cm | |
| 丛书名: | 名人大传 | |
| 单 册: | ||
| 中图分类: | K827=52 | |
| 科图分类: | ||
| 主题词: | 人物--传记--中国 | |
| 电子资源: | ||
| ISBN: | 7-80595-177-2 | |
| 000 | 00568nam0 2200205 450 | |
| 001 | 0754035650 | |
| 005 | 20070406152719.96 | |
| 010 | @a7-80595-177-2@dCNY26.00 | |
| 100 | @a20070406d km y0chiy0120 ea | |
| 101 | 0 | @achi |
| 200 | 1 | @a李鸿章传@Ali hong zhang chuan@f乔光耀编著@Fqiao guang yao bian zhu |
| 210 | @a呼和浩特@c远方出版社 | |
| 215 | @a296页@d20cm | |
| 225 | 2 | @a名人大传 |
| 410 | 0 | @12001 @a名人大传 |
| 606 | 0 | @a人物@x传记@x中国 |
| 690 | @aK827=52@v3 | |
| 701 | 0 | @a乔光耀@Aqiao guang yao@4编著 |
| 801 | 0 | @aCN@c20070406 |
| 905 | @a10447@dK827=52@eQ324 | |
| 李鸿章传/乔光耀编著.-呼和浩特:远方出版社 |
| 296页;20cm.-(名人大传) |
| ISBN 7-80595-177-2:CNY26.00 |
| ● |
| 相关链接 |
|
|
|
正题名:李鸿章传
索取号:K827=52/Q324
 
预约/预借
| 序号 | 登录号 | 条形码 | 馆藏地/架位号 | 状态 | 备注 |
| 1 | 449692 | 204496928 | 社科库309/309社科库 58排4列4层/ [索取号:K827=52/Q324] | 在馆 | |
| 2 | 449693 | 204496937 | 社科库309/309社科库 58排4列4层/ [索取号:K827=52/Q324] | 在馆 | |
| 3 | 449694 | 204496946 | 社科库309/309社科库 58排4列4层/ [索取号:K827=52/Q324] | 在馆 |